Statistiken für Länder mit Hinweisen #2

Klicken Sie hier um das Quiz zu spielen!

Allgemein

  • Dieses Quiz wurde 1,693 mal gespielt
  • Das Durchschnittsergebnis liegt bei 17 aus 22

Antwortstatistiken

Hinweise Land % Correct
Große Mauer, Mao Zedong,
Feuerwerk
China
100%
Crêpes, Berets, Notre-DameFrankreich
99%
Ajatollah, Persien, TeheranIran
93%
Neutralität, Uhren, BankenSchweiz
91%
Samba, Karneval, PeléBrasilien
91%
Gulasch, Magyaren, PlattenseeUngarn
91%
Outback, Bumerang, BillabongAustralien
91%
Osmanen, Hagia Sophia, KurdenTürkei
90%
Himalaya, Sherpas, KathmanduNepal
90%
Öl, Mekka, BeduinenSaudi-Arabien
89%
Van Damme, Flandern,
Trappistenbier
Belgien
86%
Gymnastik, Vampire, CeausescuRumänien
84%
Saunas, Nokia, Jean SibeliusFinnland
83%
Samsung, Incheon, DMZSüdkorea
81%
Jütland, Hamlet, Tivoli-GärtenDänemark
79%
Kandahar, Taliban, Chaiber-PassAfghanistan
77%
Kommunistisch, Camagüey,
Schweinebucht
Kuba
69%
Tết, Phở, KegelhüteVietnam
63%
Balfour-Deklaration, Kibbuz, KnessetIsrael
57%
Igbo, Abuja, ÖlindustrieNigeria
48%
Trujillo, Hispaniola, BaseballDominikanische
Republik
47%
Horn von Afrika, Französischsprachig,
Hauptstadtname = Landesname
Dschibuti
47%

Verteilung der Resultate

Perzentil nach korrekt beantworteten Fragen

Anzahl Personen mit jedem Resultat

Ihre Resultats-Entwicklung

Sie haben dieses Quiz noch nicht gespielt